[Event "Casino GM"]
[Site "Barcelona ESP"]
[Date "2009.11.04"]
[Round "3"]
[White "Fier,A"]
[Black "Andersson,U"]
[Result "0-1"]
[WhiteElo "2653"]
[BlackElo "2582"]

1.e4 e6 2.d4 d5 3.Nc3 dxe4 4.Nxe4 Nd7 5.Bd3 Ngf6 6.Nf3 c5 7.O-O Nxe4 8.Bxe4 Be7
9.c3 O-O 10.Re1 Nf6 11.Bc2 Qc7 12.Bg5 b6 13.Ne5 cxd4 14.Qxd4 Nd5 15.Bxe7 Qxe7
16.c4 Nf6 17.Qh4 h6 18.Rad1 Bb7 19.Rd4 Rfd8 20.Red1 Rxd4 21.Qxd4 Rc8 22.Nd7 Bc6
23.Ne5 Be8 24.f4 Qc5 25.Qxc5 Rxc5 26.Kf2 Kf8 27.Ke3 Ke7 28.b4 Rc7 29.Bb3 Nd7
30.Nd3 f6 31.Rc1 g5 32.g3 Bg6 33.h4 gxh4 34.gxh4 Rc8 35.Rg1 Kf7 36.Nf2 Bf5
37.Ne4 Bxe4 38.Kxe4 f5+ 39.Kd4 Rd8 40.Ke3 Nf6 41.Rd1 Ng4+ 42.Ke2 Rxd1 43.Kxd1 Ne3+
44.Kd2 Ng2 45.c5 bxc5 46.bxc5 Ke7 47.Kd3 Nxh4 48.c6 Kd6 49.Kd4 Ng6 50.c7 Ne7
51.Ke3 e5 52.fxe5+ Kxe5  0-1

[Event "Casino GM"]
[Site "Barcelona ESP"]
[Date "2009.11.05"]
[Round "4"]
[White "Andersson,U"]
[Black "Lopez Martinez,Josep"]
[Result "1/2-1/2"]
[WhiteElo "2582"]
[BlackElo "2589"]

1.Nf3 g6 2.d4 Bg7 3.c4 Nf6 4.g3 O-O 5.Bg2 d5 6.cxd5 Nxd5 7.O-O c5 8.dxc5 Na6
9.Ng5 e6 10.Ne4 Bd7 11.Nbc3 Bc6 12.Bg5 Nxc3 13.bxc3 Qxd1 14.Rfxd1 Bxe4 15.Bxe4 Nxc5
16.Bf3 Rac8 17.Be7 Rfe8 18.Bxc5 Rxc5 19.Rd7 Bxc3 20.Rb1 Rb8 21.Bxb7 Ba5 22.Rb3 Rc7
23.Rxc7 Bxc7 24.Ba6 Rxb3 25.axb3 Kg7 26.Bb5 f5 27.e3 Kf6 28.h4 h6 29.Kg2 g5
30.hxg5+ hxg5 31.g4 fxg4 32.Be2 Kf5 33.Bd3+ Kf6 34.Be2 Kf5 35.Bd3+ Kf6 36.Be2 Kf5
37.Bd3+  1/2-1/2

[Event "Casino GM"]
[Site "Barcelona ESP"]
[Date "2009.11.06"]
[Round "5"]
[White "Alsina Leal,D"]
[Black "Andersson,U"]
[Result "1/2-1/2"]
[WhiteElo "2523"]
[BlackElo "2582"]

1.e4 e6 2.d4 d5 3.Nc3 dxe4 4.Nxe4 Nd7 5.Nf3 Ngf6 6.Bd3 Nxe4 7.Bxe4 Nf6 8.Bg5 c5
9.O-O cxd4 10.Qe2 Be7 11.Rfd1 Nxe4 12.Rxd4 Nd6 13.Bxe7 Qxe7 14.Rad1 O-O 15.Rxd6 f6
16.Nh4 Re8 17.f4 Rb8 18.c4 b6 19.b3 Rb7 20.Qd2 Rc7 21.Re1 Qf7 22.Rd1 Qe7
23.Re1 Qf7 24.Rd1  1/2-1/2

[Event "Casino GM"]
[Site "Barcelona ESP"]
[Date "2009.11.09"]
[Round "8"]
[White "Andersson,U"]
[Black "Peralta,Fe"]
[Result "1/2-1/2"]
[WhiteElo "2582"]
[BlackElo "2557"]

1.Nf3 d5 2.d4 Nf6 3.c4 c6 4.Qb3 dxc4 5.Qxc4 Bg4 6.Ne5 Be6 7.Qd3 Nbd7 8.Nf3 Bg4
9.Nc3 Qb6 10.e4 Bxf3 11.gxf3 e5 12.Be3 exd4 13.Bxd4 Bc5 14.O-O-O Bxd4 15.Qxd4 Qxd4
16.Rxd4 O-O-O 17.Kd2 Nc5 18.Rxd8+ Kxd8 19.Ke3 Ke7 20.f4 Rd8 21.Rg1 g6 22.Be2 Ne6
23.Rc1 Nd4 24.Bd1 Ne6 25.h3 Rd7 26.Ne2 Nc5 27.Bc2 Ne6 28.b4 Rd8 29.Bd3 Rc8
30.Bc4 Ne8 31.Ng3 Ra8 32.h4 a5 33.b5 cxb5 34.Bxb5 Nd6 35.Be2 Rc8 36.Rxc8 Nxc8
37.f5 Ng7 38.Kf4 f6 39.fxg6 hxg6 40.Ke3 Nd6 41.f4 b5 42.Bd3 b4 43.Bc2 Nc4+
44.Kd4 Nd2 45.Ke3 Nc4+ 46.Kd4 Nd2 47.Bd1 Ne6+ 48.Kd3 Nb1 49.Ne2 Nc5+ 50.Kd4 Ne6+
51.Ke3 Na3 52.Bb3 Nc5 53.Bd5 Nb5 54.e5 a4 55.Nd4 Nxd4 56.Kxd4 Ne6+ 57.Ke3 Nc5
58.Kd4 Ne6+ 59.Ke3 Nc5 60.Kd4  1/2-1/2

[Event "XXXV Open"]
[Site "Seville ESP"]
[Date "2010.01.08"]
[Round "1"]
[White "Gomez Feria,J"]
[Black "Andersson,U"]
[Result "0-1"]
[WhiteElo "1911"]
[BlackElo "2575"]

1.e4 c5 2.Nf3 d6 3.d4 cxd4 4.Nxd4 Nf6 5.f3 Nc6 6.Nc3 a6 7.Be3 Nxd4 8.Qxd4 e5
9.Qd2 Be6 10.Be2 Be7 11.O-O O-O 12.Rad1 Qc7 13.Qe1 b5 14.a3 Rfc8 15.Qf2 Rab8
16.Rd2 Qa5 17.Rc1 b4 18.axb4 Rxb4 19.Nd1 d5 20.exd5 Nxd5 21.Kh1 Nxe3 22.Qxe3 h6
23.Rd3 Bg5 24.Ra3 Bxe3 25.Rxa5 Bxc1  0-1

[Event "XXXV Open"]
[Site "Seville ESP"]
[Date "2010.01.09"]
[Round "2"]
[White "Andersson,U"]
[Black "Morales Barrera,R"]
[Result "1-0"]
[WhiteElo "2575"]
[BlackElo "2108"]

1.d4 Nf6 2.Nf3 g6 3.g3 b6 4.Bg2 Bb7 5.O-O Bg7 6.c4 O-O 7.Nc3 d6 8.d5 c6 9.Nd4 c5
10.Nc2 Nbd7 11.b3 a6 12.a4 Qc7 13.Bb2 Rae8 14.e4 e5 15.Ne3 Nh5 16.a5 Bc8
17.axb6 Qxb6 18.Na4 Qc7 19.Bc3 Bh6 20.Re1 Ndf6 21.b4 Nd7 22.bxc5 Nxc5 23.Nxc5 Qxc5
24.Ra5 Qc7 25.c5 Bxe3 26.Rxe3 f5 27.exf5 Qf7 28.cxd6 Bxf5 29.Ra2 Rb8 30.Ra1 Rb1
31.Rxb1 Bxb1 32.Re2 Qf5 33.d7 Bd3 34.d8=Q Rxd8 35.Rxe5 Bc2 36.Qe2 Bd3 37.Qe3  1-0

[Event "XXXV Open"]
[Site "Seville ESP"]
[Date "2010.01.10"]
[Round "3"]
[White "Scharrer,P"]
[Black "Andersson,U"]
[Result "0-1"]
[WhiteElo "2289"]
[BlackElo "2575"]

1.e4 c5 2.Nf3 Nc6 3.d3 g6 4.g3 Bg7 5.Bg2 Nf6 6.O-O O-O 7.c3 e5 8.Re1 d5 9.Nbd2 Re8
10.exd5 Nxd5 11.Qb3 Na5 12.Qa4 Rb8 13.Nb3 Nxb3 14.Qxb3 Nc7 15.Ng5 Ne6 16.Nxe6 Bxe6
17.Qa3 Qb6 18.Be3 Bf8 19.b4 cxb4 20.Bxb6 bxa3 21.Bxa7 Rbd8 22.d4 exd4 23.cxd4 Bg7
24.Bc5 Bxd4 25.Bxd4 Rxd4 26.Bxb7 Rb8 27.Bc6 Rb6 28.Be4 Rbb4 29.Bc6 Rdc4 30.Bh1 Rc2
31.Re3 Ra4 32.Ree1 Rxa2 33.Rxa2 Bxa2 34.Ra1 Be6 35.Bc6 Rc4 36.Bf3 a2 37.Kg2 Rb4  0-1

[Event "XXXV Open"]
[Site "Seville ESP"]
[Date "2010.01.11"]
[Round "4"]
[White "Andersson,U"]
[Black "Berbatov,K"]
[Result "1/2-1/2"]
[WhiteElo "2575"]
[BlackElo "2455"]

1.Nf3 Nf6 2.d4 g6 3.g3 Bg7 4.Bg2 O-O 5.O-O d6 6.Re1 Nbd7 7.Nc3 e5 8.e4 c6
9.a4 a5 10.h3 Qb6 11.Rb1 exd4 12.Nxd4 Ne5 13.Nde2 Re8 14.Nf4 h5 15.b3 Qc5
16.Nce2 Ned7 17.Nd3 Qb6 18.Nef4 Nc5 19.Nxc5 Qxc5 20.Be3 Qe5 21.Bd4 Qe7 22.Qd2 h4
23.Rbd1 hxg3 24.fxg3 Be6 25.Bc3 Nd7 26.Bxg7 Kxg7 27.Qxd6 Qxd6 28.Rxd6 Ne5
29.Red1 g5 30.Nd3 Kf6 31.Rf1+ Ke7 32.Rd4 Nxd3 33.Rxd3 Rh8 34.Kf2 Bxh3 35.Bxh3 Rxh3
36.Kf3 Rh2 37.Rfd1 Rxc2 38.Rd7+ Ke6 39.Rxb7 g4+ 40.Kxg4 Rg8+ 41.Kf4 Rf2+
42.Ke3 Rg2 43.Rf1 R8xg3+ 44.Rf3 Rxf3+ 45.Kxf3 Rb2 46.Kf4 f6 47.Ra7 Rxb3 48.Rxa5 Ra3  1/2-1/2

[Event "XXXV Open"]
[Site "Seville ESP"]
[Date "2010.01.12"]
[Round "5"]
[White "Pogorelov,R"]
[Black "Andersson,U"]
[Result "1/2-1/2"]
[WhiteElo "2474"]
[BlackElo "2575"]

1.Nf3 Nf6 2.c4 b6 3.g3 Bb7 4.Bg2 g6 5.O-O Bg7 6.Nc3 O-O 7.d4 Ne4 8.Nxe4 Bxe4
9.Be3 d6 10.Qd2 Nd7 11.Bh6 e6  1/2-1/2

[Event "XXXV Open"]
[Site "Seville ESP"]
[Date "2010.01.13"]
[Round "6"]
[White "Andersson,U"]
[Black "Razmyslov,A"]
[Result "1/2-1/2"]
[WhiteElo "2575"]
[BlackElo "2431"]

1.Nf3 Nf6 2.c4 g6 3.g3 Bg7 4.Bg2 O-O 5.O-O d6 6.Nc3 e5 7.d4 Nbd7 8.e4 exd4
9.Nxd4 Re8 10.h3 Nc5 11.Re1 a5 12.Rb1 c6 13.Bf4 Bf8 14.Qc2 Nh5 15.Be3 Ng7
16.Rbd1 Qc7 17.Qd2 Bd7 18.Kh2 f6 19.Nb3 Be6 20.Nxc5 dxc5 21.b3 Rad8 22.Qc1 Bc8
23.Rxd8 Rxd8 24.Rd1 Ne6 25.Rxd8 Qxd8 26.Qd2 Qxd2 27.Bxd2 Bd6 28.Bf1 Bc7 29.Bd3 Kf7
30.Kg2 Ke7 31.h4 Bd7 32.f4 Nd4 33.Kf2 b6 34.Ke3 Bg4 35.Ne2 Nxe2 36.Bxe2 Bxe2
37.Kxe2 h5 38.Kf3 f5 39.Ke3 Ke6 40.Bc3 Bd6 41.Bg7 Bc7 42.Bh6 Kf7 43.Kd3 Ke6
44.e5 Bd8 45.Kc3 Be7 46.Bg5 Bxg5 47.hxg5 Kd7 48.Kb2 Kc7 49.Ka3 Kd7 50.Ka4 Kc7
51.Ka3 Kd7 52.Kb2  1/2-1/2

[Event "XXXV Open"]
[Site "Seville ESP"]
[Date "2010.01.14"]
[Round "7"]
[White "Andersson,U"]
[Black "Barria Zuniga,D"]
[Result "1/2-1/2"]
[WhiteElo "2575"]
[BlackElo "2430"]

1.Nf3 d5 2.d4 Nf6 3.c4 c6 4.e3 Bg4 5.h3 Bxf3 6.Qxf3 g6 7.Nc3 Bg7 8.Bd3 O-O
9.O-O Qd6 10.Rd1 Nbd7 11.Bd2 a6 12.Rac1 e5  1/2-1/2

[Event "XXXV Open"]
[Site "Seville ESP"]
[Date "2010.01.15"]
[Round "8"]
[White "Blanco,Cr"]
[Black "Andersson,U"]
[Result "1/2-1/2"]
[WhiteElo "2379"]
[BlackElo "2575"]

1.e4 c5 2.Nf3 d6 3.d4 cxd4 4.Nxd4 Nf6 5.Nc3 a6 6.h3 e6 7.g4 d5 8.Bg2 Nxe4
9.Nxe4 dxe4 10.Bxe4 Be7 11.Be3 Nd7 12.Qf3 Qa5+ 13.c3 Ne5 14.Qe2 O-O 15.f4 Ng6
16.O-O-O e5 17.Nf5 Bxf5 18.gxf5 Nxf4 19.Bxf4 exf4 20.Bxb7 Bg5 21.Qg4 Rab8
22.Qxg5 Rxb7 23.a3 Rb5 24.Rhg1 g6 25.Qxf4 Rxf5 26.Qd4  1/2-1/2

[Event "XXXV Open"]
[Site "Seville ESP"]
[Date "2010.01.16"]
[Round "9"]
[White "Andersson,U"]
[Black "Saravanan,V1"]
[Result "1/2-1/2"]
[WhiteElo "2575"]
[BlackElo "2356"]

1.Nf3 d5 2.d4 Nf6 3.c4 c6 4.Qb3 dxc4 5.Qxc4 Bf5 6.g3 Nbd7 7.Bg2 e6 8.O-O Be7
9.Nc3 O-O 10.Re1 Ne4 11.Qb3 Qb6 12.Nh4 Bxh4 13.gxh4 Nxc3 14.Qxc3 Bg6 15.Bg5 Rfe8
16.e4 f6 17.Be3 Qc7 18.Rad1 f5 19.d5 fxe4 20.d6 Qd8 21.Bg5 Nf6 22.d7 Rf8
23.Qe5 h6 24.Bxe4 Bf7 25.Be3 Nxd7 26.Qg3 Kh8 27.Bd4 Rg8 28.Qf4 Nf6 29.Rd3 Qa5
30.Bc3 e5 31.Qf5 Qc5 32.Rg3 Nxe4 33.Rxe4 Raf8 34.Rxe5 Bd5 35.Qc2 Qd6 36.Qd2 Rf6
37.Ree3 Re6 38.h3 Rxe3  1/2-1/2

[Event "15th Open"]
[Site "Balaguer ESP"]
[Date "2010.07.19"]
[Round "1"]
[White "Sanuy Moncasi,A"]
[Black "Andersson,U"]
[Result "0-1"]
[WhiteElo "1987"]
[BlackElo "2567"]

1.d4 d5 2.Nf3 Nf6 3.Bg5 c5 4.Bxf6 gxf6 5.e3 Nc6 6.c3 Qb6 7.Qc2 e5 8.dxe5 fxe5
9.Nbd2 e4 10.Ng1 Bg7 11.Ne2 Bf5 12.Qb3 Ne5 13.Nf4 O-O-O 14.Qxb6 axb6 15.Nb3 Bh6
16.Be2 Rhg8 17.O-O-O Bxf4 18.exf4 Bg4 19.Bxg4+ Nxg4 20.Rd2 f5 21.h3 Nf6 22.Rg1 Nh5  0-1

[Event "15th Open"]
[Site "Balaguer ESP"]
[Date "2010.07.20"]
[Round "2"]
[White "Andersson,U"]
[Black "Ivanov,Jo"]
[Result "1/2-1/2"]
[WhiteElo "2567"]
[BlackElo "2422"]

1.c4 e5 2.Nc3 Nc6 3.g3 g6 4.Bg2 Bg7 5.d3 d6 6.e3 Be6 7.Nge2 h5 8.h4 Nh6 9.Rb1 a5
10.Nd5 O-O 11.a3 Nb8 12.Ndc3 c6 13.e4 Na6 14.b4 axb4 15.axb4 Nc7 16.b5 Bd7
17.bxc6 bxc6 18.Bg5 f6 19.Be3 Ne6  1/2-1/2

[Event "15th Open"]
[Site "Balaguer ESP"]
[Date "2010.07.21"]
[Round "3"]
[White "Roeder,M"]
[Black "Andersson,U"]
[Result "1/2-1/2"]
[WhiteElo "2392"]
[BlackElo "2567"]

1.Nf3 Nf6 2.c4 c5 3.g3 d5 4.cxd5 Nxd5 5.Bg2 Nc6 6.d4 cxd4 7.Nxd4 Ndb4 8.Nxc6 Qxd1+
9.Kxd1 Nxc6 10.Nc3 Bd7 11.Be3 g6 12.Rc1 Rc8 13.f4 Bg7 14.Ke1 O-O  1/2-1/2

[Event "15th Open"]
[Site "Balaguer ESP"]
[Date "2010.07.22"]
[Round "4"]
[White "Andersson,U"]
[Black "Westerinen,H"]
[Result "1-0"]
[WhiteElo "2567"]
[BlackElo "2347"]

1.Nf3 Nf6 2.c4 g6 3.g3 Bg7 4.Bg2 O-O 5.O-O d6 6.Nc3 Nc6 7.d4 Bf5 8.b3 Qd7
9.Bb2 Bh3 10.Qd2 Bxg2 11.Kxg2 Rad8 12.d5 Nb8 13.e4 e5 14.Qe2 Nh5 15.Ne1 Qe7
16.Nd3 Nd7 17.Rae1 Nc5 18.Nxc5 dxc5 19.Nd1 b6 20.f3 Rde8 21.Nf2 Qd6 22.Nd3 Re7
23.f4 f6 24.Bc1 Rfe8 25.f5 Bh8 26.Qf3 Kf7 27.g4 Ng7 28.fxg6+ Kxg6 29.Qh3 Rg8
30.Qh6+ Kf7 31.Qxh7 Kf8 32.Bh6 Rf7 33.Re3 Qd8 34.Nxe5  1-0

[Event "Sants Open A"]
[Site "La Bordeta ESP"]
[Date "2010.08.21"]
[Round "2"]
[White "Avila Jimenez,J"]
[Black "Andersson,U"]
[Result "0-1"]
[WhiteElo "2240"]
[BlackElo "2567"]

1.d4 e6 2.c4 Nf6 3.Nc3 Bb4 4.Qc2 c5 5.dxc5 O-O 6.a3 Bxc5 7.Nf3 b6 8.Bf4 Bb7
9.Rd1 Nh5 10.Bd6 Bxd6 11.Rxd6 Qe7 12.Rd2 Rd8 13.e3 Nf6 14.Be2 Na6 15.O-O Nc5
16.b4 Nce4 17.Rd4 Nxc3 18.Qxc3 d5 19.cxd5 Bxd5 20.Rc1 Qb7 21.Qb2 Rac8 22.Rdd1 h6
23.Ne1 Ne8 24.Bf3 Bxf3 25.Nxf3 Rxd1+ 26.Rxd1 b5 27.h3 Nf6 28.Qe5 a6 29.Rd4 Qc6
30.Kh2 Qc2 31.Rd2 Qb1 32.Rd6 Rc1 33.Nd2 Rh1+ 34.Kg3 Qg6+ 35.Kf3 Rg1 36.g3 Rd1
37.Ke2 Rh1 38.Rxa6 Qc2 39.Ra8+ Kh7 40.Qd4 Qd1+ 41.Kd3 Re1 42.Qb2 Qe2+ 43.Kc3 Ne4+
44.Kd4 Nxd2 45.Qc2+ f5  0-1

[Event "32nd Open"]
[Site "Arco ITA"]
[Date "2010.10.16"]
[Round "1"]
[White "Korenevski,O"]
[Black "Andersson,U"]
[Result "0-1"]
[WhiteElo "1930"]
[BlackElo "2566"]

1.d4 Nf6 2.Nf3 e6 3.Bf4 c5 4.Bxb8 Rxb8 5.c3 Qb6 6.Qb3 d5 7.Qxb6 axb6 8.e3 Bd6
9.Bb5+ Bd7 10.Bxd7+ Nxd7 11.Nbd2 f5 12.g3 Ra8 13.h4 Ke7 14.Ke2 Rhc8 15.a3 Nf6
16.Rac1 g6 17.Ne5 Bxe5 18.dxe5 Nd7 19.f4 h5 20.Nf3 b5 21.Rhd1 Nb6 22.Rc2 Nc4
23.Nd2 Nxd2 24.Rdxd2 Ra4 25.Kd3 Kd7 26.Rh2 Rc6 27.Rh1 b4 28.cxb4 cxb4 29.axb4 Rxb4
30.Ra1 Rb3+ 31.Rc3 Rxb2 32.Rxc6 bxc6 33.Ra7+ Kd8 34.Rg7 c5 35.Rxg6 Kd7 36.Rg7+ Kc6
37.Re7 c4+ 38.Kc3 Re2 39.Rxe6+ Kc5 40.Re8 Rxe3+ 41.Kc2 Rxg3 42.Rf8 Rg2+ 43.Kd1 c3
44.Rxf5 Kc4 45.Rg5 c2+ 46.Kc1 Rxg5 47.fxg5 Kc3  0-1

[Event "32nd Open"]
[Site "Arco ITA"]
[Date "2010.10.17"]
[Round "2"]
[White "Andersson,U"]
[Black "Bonagura,S"]
[Result "1-0"]
[WhiteElo "2566"]
[BlackElo "2130"]

1.Nf3 d5 2.d4 Nf6 3.c4 c6 4.Qb3 dxc4 5.Qxc4 Bf5 6.g3 e6 7.Bg2 Nbd7 8.O-O Be7
9.Nc3 O-O 10.Re1 Ne4 11.Qb3 Qb6 12.Nh4 Bxh4 13.gxh4 Nxc3 14.Qxc3 Bg6 15.Bf4 f6
16.Rad1 Rad8 17.b4 e5 18.Bg3 exd4 19.Rxd4 Ne5 20.Red1 Rxd4 21.Rxd4 a5 22.h3 axb4
23.Rxb4 Qa6 24.Bxe5 fxe5 25.Qxe5 Re8 26.Qc7 Qxa2 27.Rxb7 Qa1+ 28.Bf1 Qe5
29.e3 Qxc7 30.Rxc7 Be4 31.Kh2 Rf8 32.Bc4+ Bd5 33.Bxd5+ cxd5 34.Kg3 Rd8 35.Rc2 Kf7
36.Rd2 Ke6 37.Rd4 Ra8 38.Rb4 Ra7 39.Kg4 Ra2 40.Kf3 Ra7 41.Kg3 Kf5 42.Rf4+ Ke5
43.Kf3 Rd7 44.Rg4 Ra7 45.h5 Rf7+ 46.Kg3 h6 47.Ra4 Rc7 48.Ra6 Kf5 49.Ra5 Ke5
50.Ra8 Rd7 51.Ra4 Kf5 52.Kf3 Ke5 53.Kg4 Rc7 54.f4+ Kf6 55.Ra6+ Kf7 56.Rd6 Rc3
57.Kf3 Rc5 58.Ke2 d4 59.exd4 Rxh5 60.Kf3 Rxh3+ 61.Kg4 Rh1 62.Kf5 Rh5+ 63.Ke4 Rh4
64.Ke5 g5 65.f5 Rh1 66.Rd7+ Ke8 67.Rg7 Re1+ 68.Kf6 Ra1 69.Kg6 Ra6+ 70.f6 Kf8
71.Rb7  1-0

[Event "32nd Open"]
[Site "Arco ITA"]
[Date "2010.10.23"]
[Round "8"]
[White "Ricci,Alf"]
[Black "Andersson,U"]
[Result "0-1"]
[WhiteElo "1969"]
[BlackElo "2566"]

1.d4 Nf6 2.Nf3 c5 3.e3 g6 4.b3 Bg7 5.Bb2 O-O 6.Be2 Ne4 7.O-O d5 8.Nbd2 Nc6
9.c4 Bf5 10.Rc1 cxd4 11.Nxe4 d3 12.Bxg7 dxe2 13.Qxe2 dxe4 14.Bxf8 exf3 15.Qxf3 Kxf8
16.Rfd1 Qa5 17.e4 Be6 18.Qc3 Qxc3 19.Rxc3 a5 20.a3 g5 21.f3 Ke8 22.Kf2 f6
23.Ke3 Bf7 24.Rd2 e5 25.Rb2 Kd7 26.g3 Nd4 27.f4 gxf4+ 28.gxf4 Rg8 29.Rc1 Rg4
30.Rf1 Ke7 31.Rbf2 Be6 32.b4 axb4 33.axb4 Bxc4 34.Rc1 b5 35.fxe5 fxe5 36.Ra1 Be6
37.Ra7+ Bd7 38.Ra8 Rh4 39.Raf8 Be8 40.Rh8 Bg6 41.Ra2 Rh3+  0-1

[Event "32nd Open"]
[Site "Arco ITA"]
[Date "2010.10.24"]
[Round "9"]
[White "Andersson,U"]
[Black "Billio,A"]
[Result "1-0"]
[WhiteElo "2566"]
[BlackElo "2138"]

1.Nf3 e6 2.c4 f5 3.g3 Nf6 4.Bg2 d5 5.O-O Bd6 6.d4 c6 7.b3 Qe7 8.Bb2 b6 9.Qc2 Bb7
10.Nc3 Ne4 11.Ne5 Nxc3 12.Qxc3 O-O 13.Nd3 Nd7 14.b4 f4 15.a4 fxg3 16.fxg3 c5
17.bxc5 bxc5 18.cxd5 Bxd5 19.e4 cxd4 20.Rxf8+ Rxf8 21.Qxd4 Ba8 22.Qxa7 Nf6
23.Qxe7 Bxe7 24.e5 Ne4 25.Ba3 Bxa3 26.Rxa3 Rd8 27.a5 Nd2 28.Bxa8 Rxa8 29.a6 Nc4
30.Rc3 Nb6 31.Nb4 Rc8 32.Rxc8+ Nxc8 33.Nc6 Kf7 34.a7 Nb6 35.Kf2 Ke8 36.Nd4  1-0

[Event "14th OIBM"]
[Site "Bad Wiessee GER"]
[Date "2010.10.30"]
[Round "1.13"]
[White "Wltschek,C"]
[Black "Andersson,U"]
[Result "0-1"]
[WhiteElo "2017"]
[BlackElo "2566"]

1.e4 c5 2.Nf3 Nc6 3.Bb5 g6 4.O-O Bg7 5.c3 e5 6.d3 Nge7 7.Be3 d6 8.d4 exd4
9.cxd4 O-O 10.Nc3 Qb6 11.dxc5 dxc5 12.Bxc6 Qxc6 13.Qc2 Bg4 14.Nd2 Rad8 15.f3 Be6
16.Rfd1 b6 17.Rac1 Qb7 18.Nf1 Nc6 19.a3 Nd4 20.Qf2 Rd7 21.Ng3 Rfd8 22.h3 Bb3
23.Re1 Qc6 24.f4 f5 25.e5 a5 26.Nb1 a4 27.Rf1 Bf8 28.Ne2 Nc2 29.Nec3 Rd3
30.Rxc2 Bxc2 31.Re1 Bxb1 32.Nxb1 Rd1 33.Nc3 Rxe1+ 34.Qxe1 b5 35.Qe2 c4 36.Qf2 Rd3
37.Kh2 b4  0-1

[Event "14th OIBM"]
[Site "Bad Wiessee GER"]
[Date "2010.10.31"]
[Round "2.14"]
[White "Andersson,U"]
[Black "Lampert,J"]
[Result "1-0"]
[WhiteElo "2566"]
[BlackElo "2161"]

1.Nf3 d5 2.d4 Nf6 3.c4 c6 4.Qb3 e6 5.g3 Bd6 6.Bg2 O-O 7.Nc3 Nbd7 8.O-O Qe7
9.Bf4 Ne8 10.Bxd6 Nxd6 11.c5 Ne8 12.e4 dxe4 13.Nxe4 Ndf6 14.Ne5 Nxe4 15.Bxe4 Nf6
16.Bg2 Rd8 17.Rad1 Qc7 18.Rfe1 Nd5 19.Nc4 Rb8 20.Qa3 b5 21.Nd6 a5 22.g4 Ba6
23.Qg3 b4 24.Qe5 a4 25.f4 a3 26.Bxd5 exd5 27.b3 Kf8 28.Re3 f6 29.Qe6 Qd7
30.Rde1 Qxe6 31.Rxe6 Kg8 32.Re7 Bd3 33.Rc7 Be4 34.Kf2 Kf8 35.Rxc6 Rd7 36.Nxe4 dxe4
37.Rxe4 Re8 38.Rxe8+ Kxe8 39.Re6+ Kf7 40.Re4  1-0

[Event "14th OIBM"]
[Site "Bad Wiessee GER"]
[Date "2010.10.31"]
[Round "3.14"]
[White "Bente,B"]
[Black "Andersson,U"]
[Result "0-1"]
[WhiteElo "2253"]
[BlackElo "2566"]

1.d4 d5 2.c4 dxc4 3.Nf3 Nf6 4.e3 e6 5.Bxc4 c5 6.O-O Nc6 7.Nc3 Be7 8.Qe2 cxd4
9.Rd1 O-O 10.exd4 Na5 11.Bd3 b6 12.Bg5 Bb7 13.Rac1 Rc8 14.Ne5 Nd5 15.Nxd5 Qxd5
16.Be4 Qxe4 17.Qxe4 Bxe4 18.Bxe7 Rfe8 19.Bb4 Nb7 20.f3 Bd5 21.b3 f6 22.Ng4 Kf7
23.Kf2 Red8 24.Ne3 Rxc1 25.Rxc1 Rd7 26.Nxd5 exd5 27.Ke3 Nd8 28.Kd3 Ne6 29.Bd2 Rc7
30.Rxc7+ Nxc7 31.Bf4 Ne6 32.Bb8 a6 33.a4 Ke7 34.Ke3 Kd7 35.Bg3 g5 36.Be1 f5
37.Bd2 f4+ 38.Kd3 h5 39.Be1 Ng7 40.g3 fxg3 41.Bxg3 Nf5 42.Be5 Nh4 43.Ke2 Ke6
44.Bg3 Nf5 45.Bf2 Kf6 46.Kd3 Ke6 47.Be1 Kf6 48.Bf2 Ne7 49.Bg3 Kf5 50.Bc7 b5
51.axb5 axb5 52.Kc3 Nc6 53.Kd3 g4 54.fxg4+ Kxg4 55.Ke3 h4 56.Bb6 Kh3 57.Bc7 Kg2
58.Bd6 Na5 59.Kf4 Nc6 60.Be5 Kxh2 61.Kg4+ Kg2 62.Kxh4 Kf3 63.Bf6 Ke4 64.Kg3 Nxd4
65.Kf2 Kd3  0-1

[Event "14th OIBM"]
[Site "Bad Wiessee GER"]
[Date "2010.11.02"]
[Round "5.20"]
[White "Andersson,U"]
[Black "Ehrke,M"]
[Result "1-0"]
[WhiteElo "2566"]
[BlackElo "2213"]

1.d4 d5 2.c4 Bf5 3.cxd5 Bxb1 4.Qa4+ Qd7 5.Qxd7+ Nxd7 6.Rxb1 Ngf6 7.Bd2 Nb6
8.f3 Nbxd5 9.e4 Nb6 10.d5 e5 11.Bb5+ Nfd7 12.Be3 O-O-O 13.Rc1 Bb4+ 14.Ke2 a6
15.Bxd7+ Nxd7 16.Nh3 f6 17.Nf2 Kb8 18.Nd3 Bd6 19.b4 Rc8 20.Nc5 Rhd8 21.Rc2 Nf8
22.Rhc1 c6 23.Nd3 cxd5 24.Rxc8+ Rxc8 25.Ba7+ Kxa7 26.Rxc8 dxe4 27.fxe4 Ne6
28.a3 a5 29.g3 Nd4+ 30.Ke3 a4 31.Nc5 Nc2+ 32.Kd3 Nxa3 33.Nxa4 Bxb4 34.Rc7 Ka6
35.Rxg7 b5 36.Nb2 Bc5 37.Rxh7 Bd4 38.Nd1 b4 39.h4  1-0

[Event "14th OIBM"]
[Site "Bad Wiessee GER"]
[Date "2010.11.05"]
[Round "8.18"]
[White "Bach,Mat"]
[Black "Andersson,U"]
[Result "0-1"]
[WhiteElo "2276"]
[BlackElo "2566"]

1.e4 c5 2.b4 b6 3.bxc5 bxc5 4.Nc3 Nc6 5.Rb1 e6 6.Bc4 Nf6 7.Nf3 d6 8.O-O Be7
9.Re1 O-O 10.d3 a6 11.e5 dxe5 12.Bd2 Qc7 13.Na4 Nd7 14.Ng5 h6 15.Nxf7 Rxf7
16.Bxe6 Nd8 17.Bxf7+ Nxf7 18.Qf3 Ra7 19.Nc3 Nf6 20.Nd5 Nxd5 21.Qxd5 Bd6 22.Re3 Qe7
23.Ba5 Be6 24.Qc6 Bxa2 25.Rb6 Be6 26.Rxa6 Rxa6 27.Qxa6 Qd7 28.Bc3 Bd5 29.Qa1 Qg4
30.Rg3 Qe2 31.f4 Qxc2 32.Qe1 Bc7 33.h4 Be6 34.Qa1 Kh7 35.h5 Qe2 36.Qa7 Bd6
37.Qb7 Qd1+ 38.Kh2 Qxh5+ 39.Kg1 Qd1+ 40.Kh2 Qh5+ 41.Kg1 Qf5 42.fxe5 Bxe5
43.Bxe5 Qxe5 44.Qe4+ Bf5 45.Qe3 Qxe3+ 46.Rxe3 Kg6  0-1

[Event "14th OIBM"]
[Site "Bad Wiessee GER"]
[Date "2010.11.07"]
[Round "9.11"]
[White "Andersson,U"]
[Black "Mainka,R"]
[Result "1/2-1/2"]
[WhiteElo "2566"]
[BlackElo "2483"]

1.Nf3 Nf6 2.c4 c5 3.g3 Nc6 4.Bg2 d6 5.Nc3 g6 6.d4 cxd4 7.Nxd4 Bd7 8.O-O Bg7
9.b3 Nxd4 10.Qxd4 Bc6 11.Bb2 O-O 12.Qd2 Qa5 13.Rfd1 Rfd8 14.Rac1 Bxg2 15.Kxg2 Rac8
16.Rc2 Rd7 17.h3 h5 18.Qe3 Kh7 19.Qf3 Kg8 20.Rdc1 a6 21.Nd1 d5 22.Bc3 Qd8
23.cxd5 Nxd5 24.Bxg7 Rxc2 25.Rxc2 Kxg7 26.Nb2 e6 27.Qe4 Qf6 28.Nd3 b5 29.a4 bxa4
30.Qxa4  1/2-1/2

[Event "ch-FRA Rapid 2011"]
[Site "Nancy FRA"]
[Date "2011.03.13"]
[Round "2"]
[White "Maze,S"]
[Black "Andersson,U"]
[Result "1/2-1/2"]
[WhiteElo "2559"]
[BlackElo "2581"]

1.d4 Nf6 2.c4 e6 3.g3 Bb4+ 4.Bd2 c5 5.Bxb4 cxb4 6.Bg2 O-O 7.e4 d6 8.Ne2 e5
9.O-O Re8 10.Qd3 Nc6 11.Nd2 Qb6 12.d5 Nb8 13.h3 Na6 14.Kh2 Nc5 15.Qe3 Bd7
16.f4 exf4 17.Rxf4 Re5 18.Raf1 Rae8 19.Nd4 Qa5 20.Rxf6 gxf6 21.Rxf6 Qxa2
22.Qh6 Qxb2 23.Rxf7 Kxf7 24.Qxh7+ Kf8 25.Qh8+ Ke7 26.Qh4+ Kf7 27.Qh7+  1/2-1/2

[Event "ch-FRA Rapid 2011"]
[Site "Nancy FRA"]
[Date "2011.03.13"]
[Round "6"]
[White "Andersson,U"]
[Black "Fridman,D"]
[Result "1/2-1/2"]
[WhiteElo "2581"]
[BlackElo "2661"]

1.Nf3 d5 2.d4 Nf6 3.c4 e6 4.Nc3 Be7 5.Bg5 h6 6.Bxf6 Bxf6 7.e3 O-O 8.Rc1 c6
9.Bd3 Nd7 10.O-O Re8 11.Qc2 dxc4 12.Bxc4 e5 13.Ne4 Qe7 14.Rfe1 exd4 15.Nxf6+ Nxf6
16.exd4 Be6 17.Bxe6 fxe6 18.Re2 Rad8 19.Rce1 Rd5 20.h3 Nd7 21.Re4 Nf6 22.R4e2 Nd7
23.Re4 Nf6  1/2-1/2

[Event "ch-FRA Rapid 2011"]
[Site "Nancy FRA"]
[Date "2011.03.13"]
[Round "7"]
[White "Fressinet,L"]
[Black "Andersson,U"]
[Result "1/2-1/2"]
[WhiteElo "2693"]
[BlackElo "2581"]

1.e4 e6 2.d4 d5 3.Nc3 dxe4 4.Nxe4 Nd7 5.Nf3 Ngf6 6.Nxf6+ Nxf6 7.Be3 Bd6 8.Bd3 Bd7
9.Qe2 Qe7 10.O-O-O O-O-O 11.c4 c5 12.dxc5 Bxc5 13.Bxc5 Qxc5 14.Ne5 Rhf8 15.Bc2 Bc6
16.Rxd8+ Kxd8 17.f4 Nd7 18.Rd1 Kc7 19.Nxc6 bxc6 20.Qd2 Nb6 21.b3 g6 22.Qc3 Rd8
23.Qf6 Rxd1+ 24.Bxd1 Nd7 25.Qxf7 Qe3+ 26.Kc2 Qe4+ 27.Kc1 Qe3+ 28.Kc2 Qe4+
29.Kc1  1/2-1/2

[Event "ch-FRA Rapid 2011"]
[Site "Nancy FRA"]
[Date "2011.03.13"]
[Round "9"]
[White "Turov,M"]
[Black "Andersson,U"]
[Result "1/2-1/2"]
[WhiteElo "2635"]
[BlackElo "2581"]

1.d4 Nf6 2.c4 e6 3.Nc3 Bb4 4.Qc2 c5 5.dxc5 O-O 6.Nf3 Na6 7.Bd2 Nxc5 8.a3 Bxc3
9.Bxc3 Nce4 10.Bxf6 Nxf6 11.e3 b6 12.Be2 Bb7 13.O-O Rc8 14.Rfd1 Bxf3 15.Bxf3 Qc7
16.Rac1 d5 17.Be2 dxc4 18.Qxc4 Qxc4 19.Rxc4 Rxc4 20.Bxc4 Rb8 21.Kf1 Kf8 22.Ke2 Ke7
23.Bb3 Rd8 24.Rxd8 Kxd8 25.f3 Ke7 26.Kd3 Ne8 27.Bc4 Nd6 28.b4 e5 29.e4 f6
30.Kc3 h6 31.Kd3 Kf8 32.Kc3 g5 33.Bd3 Kg7 34.Kd2 Kf8 35.Kc3 Kg7 36.Kd2 Kf8
37.Kc3  1/2-1/2

[Event "38th OKU 2011"]
[Site "Utrecht NED"]
[Date "2011.06.03"]
[Round "1"]
[White "Bodicker,R"]
[Black "Andersson,U"]
[Result "0-1"]
[WhiteElo "2060"]
[BlackElo "2582"]

1.d4 Nf6 2.Nf3 d5 3.c4 e6 4.g3 Bb4+ 5.Bd2 a5 6.Bg2 dxc4 7.O-O Nc6 8.Bg5 h6
9.Bxf6 Qxf6 10.a3 Bd6 11.Nc3 O-O 12.Ne4 Qe7 13.Qa4 e5 14.Nxd6 Qxd6 15.dxe5 Qc5
16.Qc2 Be6 17.Rfd1 Nxe5 18.Nxe5 Qxe5 19.Rd2 Rad8 20.Rad1 Rxd2 21.Rxd2 b5
22.h4 b4 23.axb4 axb4 24.Kh2 g5 25.hxg5 hxg5 26.Rd1 Kg7 27.Rh1 Rh8+ 28.Kg1 Rxh1+
29.Kxh1 c3 30.bxc3 Qxc3  0-1